Misterioses fruites : antologia amb inèdits, biografia i estudi / Quima Jaume ; a cura de Rosa Ardid amb Neus Aguado antologia amb inèdits, biografia i estudi / Quima Jaume ; a cura de Rosa Ardid amb Neus Aguado
ISBN:
84-8437-661-3
Descripción Física:
126 p. ; 18 cm
Colección:
Els Llibres de l'Óssa Menor ; 262
Materias:
Jaume, Quima, 1934-1993
MARC
| LEADER | 00000nam a2200000Ia 4500 | ||
|---|---|---|---|
| 001 | 17035 | ||
| 008 | 160829s2004 xx 000 0 cat d | ||
| 020 | |a 84-8437-661-3 | ||
| 080 | |a L-2-70 | ||
| 100 | |a Jaume, Quima, 1934-1993 |9 22677 | ||
| 245 | |a Misterioses fruites : |b antologia amb inèdits, biografia i estudi / Quima Jaume ; a cura de Rosa Ardid amb Neus Aguado | ||
| 260 | |a Barcelona : |b Proa, |c 2004 | ||
| 300 | |a 126 p. ; |c 18 cm | ||
| 490 | |a Els Llibres de l'Óssa Menor ; 262 | ||
| 600 | 0 | |a Jaume, Quima, 1934-1993 |9 22677 | |
| 700 | |a Aguado, Neus |9 22679 | ||
| 700 | |a Ardid i Borrá, Rosa |9 22680 | ||
| 901 | |a Arxiu | ||
| 942 | |n 1 | ||
| 952 | |0 0 |1 0 |4 0 |6 L270 |7 1 |9 42291 |a Arxiu |b Arxiu |d 2016-12-01 |l 0 |o L-2-70 |p 17035 |r 2016-12-01 00:00:00 |w 2016-12-01 |y ARXIU | ||
| 999 | |c 44769 |d 44769 | ||